Catálogo
 En Linea
Vista normal Vista MARC

Entrada Nombre personal

Número de registros utilizados en: 36

001 - NÚMERO DE CONTROL

  • campo de control: 83559

003 - IDENTIFICADOR DEL NÚMERO DE CONTROL

  • campo de control: BNPHU

005 - FECHA Y HORA DE LA ÚLTIMA TRANSACCIÓN

  • campo de control: 20240228192633.0

008 - DATOS DE LONGITUD FIJA

  • campo de control de longitud fija: 230619|| aca||aabn | a|a d

010 ## - NÚMERO DE CONTROL DE LA BIBLIOTECA DEL CONGRESO

  • Número de control de LC: n 98010440

040 ## - FUENTE DE LA CATALOGACIÓN

  • Centro catalogador/agencia de origen: DO-SdBNP
  • Lengua de catalogación: spa
  • Centro/agencia transcriptor: BNPHU
  • Normas de descripción: rda

100 1# - ENCABEZAMIENTO-NOMBRE DE PERSONA

  • Nombre de persona: Nuñez Polanco, Diómedes
  • Fechas asociadas al nombre: 1952-

370 ## - LUGAR ASOCIADO

  • Lugar de nacimiento: Bonao, República Dominicana

400 1# - TRAZADO DE VÉASE--NOMBRE DE PERSONA

  • Nombre de persona: Polanco, Diómedes Núñez,
  • Fechas asociadas al nombre: 1952-

670 ## - FUENTE DE DATOS ENCONTRADOS

  • Identificador Uniforme del Recurso: Work cat.: (DO-SdBNP)53857: Mercedes Piña, Ircania, autora 83558, Puedes lograrlo, lucha por lo que sueñas /

670 ## - FUENTE DE DATOS ENCONTRADOS

  • Cita de la fuente: Anexionismo y resistencia, 1997

670 ## - FUENTE DE DATOS ENCONTRADOS

  • Cita de la fuente: https://authorities.loc.gov/cgi-bin/Pwebrecon.cgi?AuthRecID=3683691&v1=1&HC=1&SEQ=20240222164414&PID=wDLp6hDtEiq3a4-T6LWqeqpk3ktyIMy
  • Información encontrada: Consultado en 22/02/2024

Con tecnología Koha